000
00254nam a22001217a 4500
008
180927b xxu||||| |||| 00| 0 eng d
041
_a
eng
080
_a
615.83
100
_a
8
101
_a
EGZ
245
_a
Relaxation
_c
Cautella,J.R
942
_2
udc
_c
BK
999
_c
48626
_d
48626